Statistics for Guess every marvel movie by poster!

Click here to take the quiz!

General Stats

  • This quiz has been taken 15 times
  • The average score is 14 of 16

Answer Stats

Answer% Correct
Black Widow
100%
Captain America: The first Avenger
100%
Deadpool
100%
Iron man
100%
Thor
100%
Avengers: Endgame
93%
Deadpool 2
93%
Avengers: Infinity war
87%
Deadpool and Wolverine
87%
Iron man 2
87%
Iron man 3
87%
Thor: Ragnarok
87%
Captain America: The Winter Soldier
73%
Logan
73%
X-men: Days of future past
60%
X-men: the last stand
33%

Score Distribution

Percentile by Number Answered

Percent of People with Each Score

Your Score History

You have not taken this quiz